Cancun Airport Destinations Quiz Stats

 Plays Quiz not verified by Sporcle

Challenge
Share
Tweet
Embed
Score 0/133 Timer 15:00
0 Plays Today
Airline(s) Destination % Correct
British Airways, Thomas Cook, Thomson, Virgin AtlanticLondon Gatwick
95.3%
Aeromexico, Delta Air Lines, United Airlines, Virgin AmericaLos Angeles
94.5%
Aeromexico, Aeromexico Connect, Interjet, Magnicharters, VivaAerobus, VolarisMexico City
93%
American Airlines, InterjetMiami
93%
Air Canada Rouge, Air Transat, Sunwing Airlines, WestJetToronto Pearson
91.4%
Delta Air Lines, Southwest, Vacation ExpressAtlanta
91.4%
Aeromexico, American Airlines, Spirit, Sun CountryDallas/Fort Worth
90.6%
United Airlines, Virgin AmericaSan Francisco
90.6%
Delta Air Lines, JetBlue, US AirwaysBoston
89.1%
Delta Air Lines, Sun CountryMinneapolis
88.3%
Air France, XL AirwaysParis Charles de Gaulle
87.5%
Alaska AirlinesSeattle
87.5%
American Airlines, United AirlinesChicago O'Hare
86.7%
Condor, LufthansaFrankfurt
86.7%
Air Transat, Sunwing Airlines, WestJetVancouver
85.9%
Delta Air Lines, SpiritDetroit
85.9%
Air Europa, Calima Aviacion, Orbest Portugal, Pullmantur AirMadrid
85.2%
Frontier, Southwest, United AirlinesDenver
85.2%
United Airlines, Vacation Express, VolarisNewark
85.2%
US AirwaysPhoenix
85.2%
Aerolineas ArgentinasBuenos Aires Ezeiza
84.4%
Aeromexico, American Airlines, JetBlueNew York JFK
84.4%
Air Transat, Sunwing Airlines, WestJetLondon
84.4%
Thomas CookLondon Stansted
84.4%
Air Canada Rouge, Air Transat, Sunwing Airlines, WestJetMontreal Trudeau
83.6%
Delta Air Lines, JetBlueOrlando
83.6%
Frontier, US AirwaysPhiladelphia
83.6%
Aeromexico, Cubana de AviacionHavana
82.8%
Delta Air Lines, Frontier, United AirlinesWashington Dulles
82.8%
Thomas Cook, ThomsonManchester
82.8%
Avianca Costa RicaSan Jose
82%
VolarisSan Jose
82%
airberlin, CondorMunich
81.3%
Air Canada, Air Transat, WestJetCalgary
81.3%
SouthwestHouston Hobby
81.3%
TAMSao Paulo Gaurulhos
81.3%
US Airways, Vacation Express, InterjetCharlotte
81.3%
Delta Air Lines, Frontier, Vacation ExpressCincinnati
80.5%
Avianca, Copa Airlines Colombia, LAN ColombiaBogota
79.7%
EuroAtlantic Airways, Orbest Portugal, SATA InternationalLisbon
79.7%
FinnairHelsinki
78.9%
Frontier, United Airlines, Vacation ExpressCleveland
78.9%
Branson Air Express, Delta Air Lines, United Airlines, Vacation ExpressNew Orleans
78.1%
Delta Air Lines, Vacation Express, Interjet, Xtra AirwaysPittsburgh
77.3%
Avianca Peru, Lan PeruLima
76.6%
Airline(s) Destination % Correct
Southwest, United AirlinesAustin
75.8%
Thomas Cook Scandinavia, Thomson, TUIfly NordicOslo Gardermoen
75.8%
VolarisGuatemala City
75.8%
Air Transat, Sunwing Airlines, WestJetEdmonton
75%
ArkeflyAmsterdam
75%
Blue Panorama Airlines, NeosRome Fiumicino
75%
FrontierSt Louis
75%
Air Canada, Air Transat, WestJetOttawa
74.2%
Delta Air Lines, Vacation ExpressNashville
74.2%
VolarisLas Vegas
74.2%
Copa AirlinesPanama City
73.4%
Delta Air Lines, SouthwestBaltimore
73.4%
JetBlue, SpiritFort Lauderdale
73.4%
Southwest, United AirlinesSan Antonio
73.4%
Aeromexico, Spirit, United AirlinesHouston Intercontinental
72.7%
Aeromexico, Aeromexico Connect, Interjet, Magnicharters, VivaAerobus, VolarisMonterrey
72.7%
Thomas Cook Scandinavia, TUIfly NordicCopenhagen
72.7%
Delta Air Lines, Vacation ExpressMemphis
71.9%
SouthwestChicago Midway
71.9%
Air Canada, Air Transat, Sunwing Airlines, WestJetHalifax
71.1%
Air Canada, Sunwing AirlinesWinnipeg
71.1%
Air Transat, WestJetWinnipeg
71.1%
Delta Air Lines, Vacation ExpressIndianapolis
70.3%
Delta Air Lines, FrontierSalt Lake City
70.3%
LANSantiago
70.3%
airberlinDusseldorf
69.5%
Delta Air LinesTampa
69.5%
Thomas Cook, ThomsonGlasgow International
69.5%
Avianca Costa RicaSan Salvador
67.2%
ThomsonBirmingham
67.2%
ThomsonEdinburgh
67.2%
Air Transat, Sunwing Airlines, WestJetQuebec City
66.4%
Norwind AirlinesMoscow Sheremetyevo
66.4%
Delta Air Lines, Vacation ExpressColumbus
65.6%
ThomsonDublin
65.6%
Delta Air Lines, Vacation ExpressRaleigh
64.8%
Interjet, Magnicharters, VivaAerobus, VolarisGuadalajara
64.8%
Jetairfly, XL AirwaysBrussels
64.8%
Arkefly, LOTWarsaw
64.1%
TUIflyHamburg
63.3%
TransaeroMoscow Vnukovo
62.5%
Aeromexico, Delta Air Lines, Frontier, SouthwestMilwaukee
61.7%
Blue Panorama Airlines, NeosMilan Malpensa
60.9%
VolarisTijuana
58.6%
Aerolineas ArgentinasCordoba
57%
Airline(s) Destination % Correct
Vacation ExpressBirmingham
57%
Air Transat, Sunwing Airlines, WestJetRegina
55.5%
Air Transat, WestJetVictoria
55.5%
Air Transat, Sunwing Airlines, WestJetSaskatoon
52.3%
MAYAir, VivaAerobus, VolarisVeracruz
51.6%
Sunwing AirlinesSaint John
51.6%
WestJetHamilton
51.6%
Aruba AirlinesAruba
50.8%
Vacation ExpressBuffalo
50.8%
EurowingsCologne
49.2%
Maya Island Air, Tropic AirBelize
49.2%
Delta Air LinesHartford
48.4%
Aerotucan, MAYAirCozumel
46.9%
VivaAerobusTampico
46.9%
VolarisSan Juan
46.9%
MAYAirMerida
46.1%
VolarisLeon/El Bajio
46.1%
EuroAtlantic AirwaysPorto
44.5%
VolarisPuebla
43.8%
Sun CountryFort Myers
39.1%
Thomas Cook Scandinavia, Thomson, TUIfly NordicStockholm Arlanda
39.1%
Interjet, VolarisToluca/Mexico City
38.3%
Novair, TUIfly NordicGoteborg
37.5%
ThomsonNewcastle
37.5%
Vacation ExpressRichmond
37.5%
VolarisChihuahua
36.7%
Branson Air ExpressBranson
35.9%
Sunwing AirlinesThunder Bay
35.9%
VolarisAguascalientes
35.9%
WestJetKelowna
28.9%
MAYAir, VivaAerobus, VolarisVillahermosa
27.3%
VolarisQueretaro
27.3%
WestJetMoncton
24.2%
Blue Panorama AirlinesBologna
23.4%
VolarisSan Luis Potosi
23.4%
ThomsonEast Midlands
19.5%
VivaAerobus, VolarisTuxtla Gutierrez
18%
Perla AirlinesPorlamar
16.4%
VivaAerobusReynosa
16.4%
TAGFlores
15.6%
VolarisCuidad Juarez
13.3%
Sunwing AirlinesSault Saint Marie
12.5%
Sunwing AirlinesBagotville
6.3%

You're not logged in!

Compare scores with friends on all Sporcle quizzes.
Join for Free
OR
Log In

You Might Also Like...

Show Comments

Extras

Top Quizzes Today


Score Distribution

Your Account Isn't Verified!

In order to create a playlist on Sporcle, you need to verify the email address you used during registration. Go to your Sporcle Settings to finish the process.

Report this User

Report this user for behavior that violates our Community Guidelines.

Details: